[Event "Tatry Open 2014"]
[Site "Tatranske Zruby SVK"]
[Date "2014.10.03"]
[Round "7.6"]
[White "Pagerka, M."]
[Black "Nayhebaver, Martin"]
[Result "1-0"]
[WhiteElo "2297"]
[BlackElo "2301"]
[PlyCount "99"]
[EventDate "2014.09.28"]

1. e4 c5 2. Nf3 d6 3. d4 cxd4 4. Nxd4 Nf6 5. Nc3 a6 6. Be3 e5 7. Nb3 Be7 8. f3
Be6 9. Qd2 O-O 10. O-O-O a5 11. a4 Nc6 12. g4 Nb4 13. g5 Ne8 14. Kb1 Nc7 15.
Bb6 Qb8 16. h4 d5 17. Qh2 dxe4 18. fxe4 Nca6 19. Bh3 Bxh3 20. Qxh3 Bd8 21. Be3
Qc8 22. Qg2 Qe6 23. Bc5 Be7 24. Bxe7 Qxe7 25. h5 Nc7 26. Rhf1 Ne6 27. g6 fxg6
28. hxg6 h6 29. Nd5 Nxd5 30. exd5 Nf4 31. Qe4 Qd6 32. c4 b6 33. Nd2 Rac8 34.
Rde1 Qb4 35. Qc2 Qd6 36. Rg1 Rfe8 37. Qf5 Rcd8 38. Rg4 Qf6 39. Qe4 h5 40. Rgg1
Rd6 41. Qc2 Rd7 42. Ne4 Qe7 43. Ng5 Qd6 44. Nf7 Qf6 45. Rg5 Nxg6 46. Nh6+ Kh7
47. Reg1 e4 48. Nf5 Nf4 49. Qh2 Qe5 50. Nxg7 1-0

[Event "Tatry Open 2014"]
[Site "Tatranske Zruby SVK"]
[Date "2014.10.03"]
[Round "7.7"]
[White "Biolek, R2."]
[Black "Brhel, J."]
[Result "1-0"]
[WhiteElo "2432"]
[BlackElo "2108"]
[PlyCount "43"]
[EventDate "2014.09.28"]

1. e4 e6 2. d4 d5 3. e5 c5 4. c3 Nc6 5. Nf3 Qb6 6. a3 a5 7. Bd3 Bd7 8. O-O cxd4
9. cxd4 Nxd4 10. Nxd4 Qxd4 11. Nc3 Qxe5 12. Re1 Qd6 13. Nb5 Bxb5 14. Bxb5+ Kd8
15. Be3 Nf6 16. Rc1 Ne8 17. Qa4 Be7 18. Bxe8 Rxe8 19. Qb5 d4 20. Bxd4 Qxd4 21.
Red1 Qd6 22. Qb6+ 1-0

[Event "Tatry Open 2014"]
[Site "Tatranske Zruby SVK"]
[Date "2014.10.03"]
[Round "7.8"]
[White "Cech, P."]
[Black "Tropp, O."]
[Result "1-0"]
[WhiteElo "2424"]
[BlackElo "2048"]
[PlyCount "99"]
[EventDate "2014.09.28"]

1. e4 e6 2. d4 d5 3. e5 c5 4. c3 Nc6 5. Nf3 Qb6 6. Be2 Bd7 7. O-O a5 8. Na3
cxd4 9. Nb5 f6 10. Bf4 fxe5 11. Nxe5 Nxe5 12. Bxe5 Bxb5 13. Qb3 a4 14. Bxb5+
Kd8 15. Bxa4 Qxb3 16. axb3 dxc3 17. bxc3 Nf6 18. Bb5 Rc8 19. Ra7 Ng4 20. Bd4
Kc7 21. Be2 Nf6 22. c4 Bb4 23. cxd5 exd5 24. Ba6 Rb8 25. Rc1+ Kd6 26. Bxb7 Ke6
27. Ba6 Rhg8 28. Rac7 Bd6 29. Bc8+ Rgxc8 30. Rxc8 Rxb3 31. R8c6 Kd7 32. Ra6 Rd3
33. Bxf6 gxf6 34. Ra7+ Ke6 35. Re1+ Kf5 36. Rxh7 Rd2 37. Rh3 Be5 38. Rf3+ Kg5
39. g3 d4 40. h4+ Kg4 41. Kg2 Ra2 42. Re4+ Kh5 43. g4+ Kg6 44. Rd3 Rc2 45.
Rexd4 Bxd4 46. Rxd4 Rb2 47. Rd5 Rb4 48. Kg3 Rb3+ 49. f3 Ra3 50. Rd6 1-0

[Event "Tatry Open 2014"]
[Site "Tatranske Zruby SVK"]
[Date "2014.10.03"]
[Round "7.10"]
[White "Murin, P."]
[Black "Langner, L1."]
[Result "0-1"]
[WhiteElo "2051"]
[BlackElo "2363"]
[PlyCount "50"]
[EventDate "2014.09.28"]

1. d4 Nf6 2. c4 g6 3. g3 Bg7 4. Bg2 d5 5. cxd5 Nxd5 6. Nc3 Nb6 7. Nf3 Nc6 8. e3
O-O 9. O-O Re8 10. b3 e5 11. dxe5 Nxe5 12. Nxe5 Bxe5 13. Bb2 Qe7 14. Qe2 c6 15.
Ne4 Bf5 16. Bxe5 Qxe5 17. Ng5 Rad8 18. Nf3 Qf6 19. Rfd1 Nd5 20. Qc4 Be4 21. Nd4
Bxg2 22. Kxg2 Rxe3 23. Qc5 Rc3 24. Qxa7 c5 25. Nb5 Ne3+ 0-1

[Event "Tatry Open 2014"]
[Site "Tatranske Zruby SVK"]
[Date "2014.10.03"]
[Round "7.11"]
[White "Jossien, A."]
[Black "Yao, Lan"]
[Result "1/2-1/2"]
[WhiteElo "2326"]
[BlackElo "2015"]
[PlyCount "73"]
[EventDate "2014.09.28"]

1. Nf3 Nf6 2. c4 g6 3. Nc3 d5 4. cxd5 Nxd5 5. g3 Nxc3 6. bxc3 Bg7 7. Bg2 O-O 8.
Rb1 c5 9. Nh4 Qc7 10. Qa4 Nd7 11. O-O a6 12. f4 Rb8 13. Qe4 Bf6 14. Qc2 c4 15.
Bb2 Bxh4 16. gxh4 Nf6 17. d4 cxd3 18. exd3 Bf5 19. c4 Rbd8 20. Rbd1 Qb6+ 21. c5
Qb5 22. a4 Bxd3 23. axb5 Bxc2 24. Rxd8 Rxd8 25. Bxf6 exf6 26. Bxb7 axb5 27. Rf2
Bf5 28. Rb2 Rd4 29. Rxb5 Rxf4 30. Bd5 Rf1+ 31. Kxf1 Bd3+ 32. Kf2 Bxb5 33. Bb7
h5 34. Ke3 g5 35. Kd4 Kf8 36. Kd5 Ke7 37. c6 1/2-1/2

[Event "Tatry Open 2014"]
[Site "Tatranske Zruby SVK"]
[Date "2014.10.03"]
[Round "7.12"]
[White "Kula, Dominik"]
[Black "Kernazhitsky, L."]
[Result "1/2-1/2"]
[WhiteElo "1973"]
[BlackElo "2298"]
[PlyCount "125"]
[EventDate "2014.09.28"]

1. e4 c5 2. Nf3 Nc6 3. d4 cxd4 4. Nxd4 Qb6 5. Nb3 Nf6 6. Nc3 e6 7. Bd3 a6 8.
Qe2 Qc7 9. f4 d6 10. Be3 b5 11. Nd4 Bb7 12. O-O Be7 13. Rae1 O-O 14. Nxc6 Bxc6
15. Bd4 b4 16. e5 dxe5 17. fxe5 Qd8 18. Bf2 bxc3 19. exf6 Bxf6 20. bxc3 Bxc3
21. Rd1 Qg5 22. Bg3 a5 23. Bxh7+ Kxh7 24. Qd3+ Qg6 25. Qxc3 Bd5 26. Rf2 Rfc8
27. Qb2 Rc4 28. c3 Rac8 29. Be5 f6 30. Bd4 Be4 31. Rc1 Qg5 32. Re1 Bd5 33. Be3
Qh4 34. Bd2 a4 35. Re3 Kg8 36. Rh3 Qe4 37. Re3 Qg6 38. Rg3 Rg4 39. Rxg4 Qxg4
40. Qb1 Be4 41. Qf1 Rb8 42. h3 Qg6 43. Qc4 f5 44. Qxa4 Qg3 45. Bc1 Qxc3 46. Qa3
Qc7 47. Bb2 Rd8 48. Qb3 Bd5 49. Qc2 Qg3 50. a3 Be4 51. Qe2 Qb3 52. Kh2 Rd1 53.
Be5 Qd5 54. Qb2 Rb1 55. Qc3 Rb3 56. Qc8+ Kh7 57. Qc7 Rb7 58. Qc3 Qd3 59. Qc8
Qe3 60. Rf4 Bd5 61. Qe8 Qxe5 62. Qh5+ Kg8 63. Qe8+ 1/2-1/2

[Event "Tatry Open 2014"]
[Site "Tatranske Zruby SVK"]
[Date "2014.10.03"]
[Round "7.13"]
[White "Karczynski, L."]
[Black "Veleski, R."]
[Result "0-1"]
[WhiteElo "1738"]
[BlackElo "2284"]
[PlyCount "86"]
[EventDate "2014.09.28"]

1. e4 c5 2. Nf3 Nc6 3. d4 cxd4 4. Nxd4 g6 5. Nc3 Bg7 6. Be3 Nf6 7. Be2 O-O 8.
Qd2 d6 9. f3 d5 10. exd5 Nb4 11. d6 Nfd5 12. Nxd5 Nxd5 13. Bh6 Qxd6 14. Bxg7
Kxg7 15. O-O-O Qf4 16. g3 Qxd2+ 17. Rxd2 Nf6 18. Bd3 Rd8 19. Nb5 Bd7 20. Re1
Bxb5 21. Bxb5 Rxd2 22. Kxd2 Rd8+ 23. Bd3 e6 24. a3 h5 25. h4 Nd7 26. Re3 Kf6
27. Ke2 Ke7 28. Be4 Rb8 29. Rc3 f5 30. Bd3 a6 31. f4 Kd6 32. Ke3 Re8 33. Bc4
Nc5 34. Kf3 Ne4 35. Rd3+ Ke7 36. a4 Rc8 37. Bb3 Rc6 38. Rd4 Rd6 39. Rxd6 Kxd6
40. Ba2 a5 41. c3 Nc5 42. Bc4 Nxa4 43. b4 b6 0-1

[Event "Tatry Open 2014"]
[Site "Tatranske Zruby SVK"]
[Date "2014.10.03"]
[Round "7.14"]
[White "Nemcova, Karin"]
[Black "Najgebauer, S."]
[Result "0-1"]
[WhiteElo "1694"]
[BlackElo "2273"]
[PlyCount "86"]
[EventDate "2014.09.28"]

1. e4 c5 2. Nf3 Nc6 3. d4 cxd4 4. Nxd4 Nf6 5. Nc3 e5 6. Ndb5 d6 7. Bg5 a6 8.
Na3 b5 9. Nd5 Be7 10. Bxf6 Bxf6 11. c4 b4 12. Nc2 Rb8 13. b3 Bg5 14. g3 O-O 15.
Bg2 Be6 16. Nde3 Rb7 17. O-O a5 18. Qd3 Nb8 19. Nf5 Rd7 20. Rad1 Na6 21. h4 Nc5
22. Qe2 Bf6 23. Rd2 g6 24. Nfe3 Bg7 25. Nd5 Kh8 26. Kh2 f5 27. f4 Bxd5 28. Rxd5
exf4 29. Rxf4 Be5 30. Qd2 Bxf4 31. Qxf4 Nxe4 32. Bxe4 fxe4 33. Qxe4 Qf6 34. Rd2
Re7 35. Qd5 Re5 36. Qc6 g5 37. hxg5 Rxg5 38. Qg2 Qh6+ 39. Kg1 Rxg3 40. Qxg3
Qxd2 41. Qe3 Rg8+ 42. Kf1 Qg2+ 43. Ke1 Qxc2 0-1

[Event "Tatry Open 2014"]
[Site "Tatranske Zruby SVK"]
[Date "2014.10.03"]
[Round "7.15"]
[White "Steiner, B."]
[Black "Stonawski, I."]
[Result "0-1"]
[WhiteElo "2212"]
[BlackElo "1995"]
[PlyCount "68"]
[EventDate "2014.09.28"]

1. c4 g6 2. g3 Bg7 3. Bg2 d6 4. Nc3 Nf6 5. d3 O-O 6. e4 e5 7. Nge2 c6 8. O-O
Nbd7 9. h3 Nc5 10. Be3 Re8 11. Qd2 a5 12. f4 exf4 13. Bxf4 Qe7 14. Rf2 Nh5 15.
Bg5 f6 16. Be3 f5 17. Bg5 Bf6 18. Bxf6 Nxf6 19. Raf1 Rf8 20. Nd4 fxe4 21. Nxe4
Ncxe4 22. dxe4 Qe5 23. Nf3 Qxg3 24. Qh6 Nxe4 25. Ng5 Rxf2 26. Qxh7+ Kf8 27.
Qh6+ Ke7 28. Qg7+ Kd8 29. Nf7+ Kc7 30. Nxd6+ Kxd6 31. Rd1+ Rd2 32. c5+ Kxc5 33.
Rxd2 Nxd2 34. Qc3+ Qxc3 0-1

[Event "Tatry Open 2014"]
[Site "Tatranske Zruby SVK"]
[Date "2014.10.03"]
[Round "7.16"]
[White "Kotlowski, T."]
[Black "Lanc, A."]
[Result "0-1"]
[WhiteElo "2034"]
[BlackElo "2363"]
[PlyCount "35"]
[EventDate "2014.09.28"]

1. d4 Nf6 2. Nf3 g6 3. c4 Bg7 4. Nc3 d6 5. e4 O-O 6. Be2 Nbd7 7. h3 e5 8. dxe5
dxe5 9. Be3 c6 10. Nd2 Qe7 11. Qc2 Nc5 12. O-O-O Ne8 13. g4 Nc7 14. Nb3 Nxb3+
15. Qxb3 Ne6 16. Rd2 Nd4 17. Qd1 a6 18. Rxd4 0-1

[Event "Tatry Open 2014"]
[Site "Tatranske Zruby SVK"]
[Date "2014.10.03"]
[Round "7.17"]
[White "Hrnciar, R."]
[Black "Vojtek, V."]
[Result "0-1"]
[WhiteElo "2039"]
[BlackElo "2336"]
[PlyCount "128"]
[EventDate "2014.09.28"]

1. f4 g6 2. Nf3 Bg7 3. e3 b6 4. c4 Bb7 5. d4 e6 6. Bd3 f5 7. Nc3 Nf6 8. b3 O-O
9. O-O d6 10. Bb2 Nbd7 11. Qe1 Re8 12. Rd1 Be4 13. Bb1 Qe7 14. Ng5 d5 15. Nb5
Bxb1 16. Rxb1 Rec8 17. Ba3 c5 18. Nf3 Ne4 19. cxd5 exd5 20. Ne5 Ndf6 21. dxc5
bxc5 22. Rd1 Qb7 23. Nc3 Rd8 24. Na4 Rac8 25. Qa5 Qc7 26. Qa6 Rd6 27. Qe2 Nd7
28. Bb2 Nxe5 29. fxe5 Rdd8 30. Qa6 Qe7 31. Rc1 Bxe5 32. Bxe5 Qxe5 33. Qxa7 d4
34. Nb6 Rc7 35. Qa6 dxe3 36. Nc4 Qd4 37. Qe6+ Kh8 38. Qe5+ Qxe5 39. Nxe5 Ra8
40. Rc2 Rca7 41. Nc4 Rxa2 42. Nxe3 Rxc2 43. Nxc2 Rb8 44. g4 Rxb3 45. gxf5 Nd2
46. Rf4 g5 47. Ra4 Rc3 48. Ne1 Nf3+ 49. Nxf3 Rxf3 50. Ra8+ Kg7 51. Ra7+ Kf6 52.
Rxh7 Rxf5 53. Rc7 Ke6 54. Kg2 Kd5 55. Kg3 Kd4 56. Kg4 Re5 57. Kf3 c4 58. Rd7+
Kc3 59. h4 gxh4 60. Rh7 Kd3 61. Rd7+ Kc2 62. Rh7 c3 63. Rxh4 Kd3 64. Rh8 c2 0-1

[Event "Tatry Open 2014"]
[Site "Tatranske Zruby SVK"]
[Date "2014.10.03"]
[Round "7.18"]
[White "Michenka, J."]
[Black "Grove, Michael"]
[Result "1-0"]
[WhiteElo "2326"]
[BlackElo "2041"]
[PlyCount "67"]
[EventDate "2014.09.28"]

1. d4 d5 2. c4 e5 3. dxe5 d4 4. Nf3 Nc6 5. g3 Nge7 6. Bg2 Ng6 7. Bf4 Be7 8. O-O
O-O 9. Nbd2 Bf5 10. Qb3 Qd7 11. e3 f6 12. exf6 Bxf6 13. Bg5 dxe3 14. Bxe3 Kh8
15. Rad1 Qc8 16. Bg5 Rb8 17. Bxf6 Rxf6 18. Rfe1 Qf8 19. Ne4 Re6 20. Neg5 Rxe1+
21. Rxe1 h6 22. Ne6 Qf7 23. Ned4 Bd7 24. Qc3 Rf8 25. b3 Nxd4 26. Qxd4 Bc6 27.
Ne5 Nxe5 28. Rxe5 Bxg2 29. Kxg2 Qf3+ 30. Kg1 Qf6 31. Re4 Qf5 32. Re7 Qg5 33.
Rxc7 Re8 34. Rxb7 1-0

[Event "Tatry Open 2014"]
[Site "Tatranske Zruby SVK"]
[Date "2014.10.03"]
[Round "7.19"]
[White "Constantinou, Pe"]
[Black "Hujo, J."]
[Result "1-0"]
[WhiteElo "2311"]
[BlackElo "2038"]
[PlyCount "57"]
[EventDate "2014.09.28"]

1. d4 e6 2. Nf3 f5 3. Bf4 Nf6 4. e3 d5 5. c4 c6 6. Nc3 Be7 7. Bd3 O-O 8. h3 Ne4
9. Qc2 Nd7 10. g4 g5 11. Bh2 fxg4 12. Bxe4 dxe4 13. Ne5 gxh3 14. O-O-O Nf6 15.
Rdg1 h6 16. f4 exf3 17. Qg6+ Kh8 18. Qxh6+ Nh7 19. Bg3 Rf6 20. Ng6+ Kg8 21.
Qxh3 Rf7 22. Ne5 Rg7 23. Ng4 f2 24. Rf1 e5 25. Bxe5 Bxg4 26. Qxg4 Rf7 27. Qe6
Nf6 28. Rh8+ Kxh8 29. Qxf7 1-0

[Event "Tatry Open 2014"]
[Site "Tatranske Zruby SVK"]
[Date "2014.10.03"]
[Round "7.20"]
[White "Vul, A."]
[Black "Haring, V."]
[Result "0-1"]
[WhiteElo "2294"]
[BlackElo "2033"]
[PlyCount "100"]
[EventDate "2014.09.28"]

1. Nf3 d5 2. d4 c6 3. c4 Nf6 4. cxd5 cxd5 5. Nc3 Nc6 6. Bf4 a6 7. Rc1 Nh5 8.
Bd2 e6 9. Ne5 Nxe5 10. dxe5 g6 11. e4 Be7 12. exd5 exd5 13. Be3 Be6 14. g4 Ng7
15. Bg2 Qa5 16. O-O Rd8 17. Qd4 h5 18. h3 hxg4 19. hxg4 Rh4 20. f3 Nf5 21. Qb6
Qxb6 22. Bxb6 Ng3 23. Rfd1 Bg5 24. Rc2 Rc8 25. Kf2 Bf4 26. Be3 Bxe5 27. f4 Bxc3
28. Rxc3 Rxc3 29. bxc3 Rxg4 30. Rd4 Nf5 31. Rd3 Nxe3 32. Rxe3 Rxf4+ 33. Kg3
Rg4+ 34. Kf2 Kd7 35. Rd3 Kd6 36. Bf3 Ra4 37. Rd2 g5 38. Ke3 g4 39. Bd1 Re4+ 40.
Kf2 Ke5 41. Bb3 b5 42. Rd1 f5 43. Rh1 f4 44. Rh5+ Kd6 45. Rh8 g3+ 46. Kf3 Bg4+
47. Kxg4 g2 48. Rd8+ Ke7 49. Rxd5 g1=Q+ 50. Kf5 Re6 0-1

[Event "Tatry Open 2014"]
[Site "Tatranske Zruby SVK"]
[Date "2014.10.03"]
[Round "7.21"]
[White "Sikorova, O."]
[Black "Stehlik, P."]
[Result "1/2-1/2"]
[WhiteElo "2282"]
[BlackElo "2033"]
[PlyCount "187"]
[EventDate "2014.09.28"]

1. f4 d5 2. Nf3 Nf6 3. b3 g6 4. Bb2 Bg7 5. e3 c5 6. Bb5+ Bd7 7. Bxd7+ Qxd7 8.
O-O Nc6 9. Ne5 Qc7 10. Nxc6 Qxc6 11. d3 e6 12. Nd2 O-O 13. a4 Rad8 14. Qf3 Ne8
15. Bxg7 Nxg7 16. e4 Qb6 17. Kh1 Qb4 18. Rf2 Qc3 19. Rc1 a6 20. g4 f5 21. gxf5
exf5 22. exd5 b5 23. axb5 axb5 24. Nb1 Qd4 25. c4 Rfe8 26. Nc3 Re3 27. Qg2 b4
28. Nb5 Qxd3 29. d6 Ne6 30. Qd5 Qe4+ 31. Qxe4 Rxe4 32. Rcf1 Nd4 33. Nxd4 Rxd4
34. Re1 R4xd6 35. Re5 Rd3 36. Rxc5 Rxb3 37. Rb5 Rc8 38. c5 Kg7 39. Kg2 Rc3 40.
Rxb4 R8xc5 41. Rb7+ Rc7 42. Rxc7+ Rxc7 43. h3 Kh6 44. Rf3 Kh5 45. Kg3 Rc1 46.
Ra3 Rb1 47. Rc3 h6 48. Rc5 Rb3+ 49. Kg2 Kh4 50. Rc6 Rg3+ 51. Kf2 Kxh3 52. Rb6
Kh4 53. Ra6 Rg4 54. Kf3 h5 55. Rb6 g5 56. fxg5 Kxg5 57. Rb8 Rf4+ 58. Kg2 Kh4
59. Rf8 Rg4+ 60. Kf3 Kg5 61. Rg8+ Kf6 62. Rf8+ Kg6 63. Rh8 Ra4 64. Rg8+ Kf6 65.
Rf8+ Kg5 66. Rg8+ Kh4 67. Rf8 Ra5 68. Rh8 Ra1 69. Kg2 Kg4 70. Rg8+ Kf4 71. Rh8
Ra2+ 72. Kg1 Kf3 73. Rxh5 Ra1+ 74. Kh2 f4 75. Rh3+ Kf2 76. Rb3 Re1 77. Rb4 f3
78. Rb3 Re2 79. Kh3 Rd2 80. Ra3 Ke2 81. Ra8 Ke1 82. Ra1+ Ke2 83. Ra8 Rd3 84.
Ra2+ Rd2 85. Ra8 Kf2 86. Ra1 Rd7 87. Ra2+ Ke3 88. Ra3+ Ke2 89. Ra2+ Rd2 90. Ra1
Rd1 91. Ra2+ Ke1 92. Kg3 Rd3 93. Rf2 Kd1 94. Rxf3 1/2-1/2

[Event "Tatry Open 2014"]
[Site "Tatranske Zruby SVK"]
[Date "2014.10.03"]
[Round "7.22"]
[White "Milcova, Z."]
[Black "Prandstetter, E."]
[Result "0-1"]
[WhiteElo "2027"]
[BlackElo "2273"]
[PlyCount "142"]
[EventDate "2014.09.28"]

1. d4 Nf6 2. Bg5 d5 3. e3 e6 4. Nf3 Be7 5. Bd3 O-O 6. O-O b6 7. Nbd2 Bb7 8. c3
Ne4 9. Bxe7 Qxe7 10. Qe2 c5 11. Rad1 Nd7 12. Ba6 Bxa6 13. Qxa6 Nxd2 14. Rxd2 c4
15. Re2 f5 16. Ne5 Nxe5 17. dxe5 Qc7 18. f4 Qc6 19. h3 Rf7 20. Kh2 h6 21. Rg1
Kh7 22. g4 fxg4 23. Rxg4 Rg8 24. h4 g6 25. Qa3 Rgg7 26. Reg2 Qc7 27. Qa4 Rf5
28. Qe8 Qf7 29. Qxf7 Rfxf7 30. Kg3 b5 31. Kf3 a5 32. e4 h5 33. R4g3 Rd7 34. Ke3
dxe4 35. Kxe4 Rd1 36. b3 Rh1 37. bxc4 bxc4 38. Rd2 Rxh4 39. Ke3 Rh1 40. Rd4
Re1+ 41. Kf3 Rf1+ 42. Ke3 Re1+ 43. Kf3 g5 44. Rxg5 Rxg5 45. fxg5 Kg6 46. Rxc4
Rxe5 47. Rc8 Kxg5 48. c4 Kf6 49. Rc7 Rf5+ 50. Kg3 Ke5 51. Rd7 Rg5+ 52. Kf3 h4
53. Rh7 Rg3+ 54. Kf2 Rg4 55. Rh5+ Kd6 56. Rxa5 Rxc4 57. a4 e5 58. Ra8 Rf4+ 59.
Ke3 h3 60. Ra6+ Kd5 61. Ra5+ Ke6 62. Ra6+ Kf5 63. Rh6 Rxa4 64. Kf2 Ra2+ 65. Kg1
Rg2+ 66. Kh1 Rg3 67. Kh2 Rf3 68. Rh4 e4 69. Rxh3 Rxh3+ 70. Kxh3 Kf4 71. Kg2 Ke3
0-1

[Event "Tatry Open 2014"]
[Site "Tatranske Zruby SVK"]
[Date "2014.10.03"]
[Round "7.23"]
[White "Rakay, K."]
[Black "Borosova, Z."]
[Result "1/2-1/2"]
[WhiteElo "2005"]
[BlackElo "2263"]
[PlyCount "49"]
[EventDate "2014.09.28"]

1. e4 e5 2. Nf3 Nc6 3. Bb5 a6 4. Ba4 Nf6 5. O-O Be7 6. d3 b5 7. Bb3 d6 8. a3
O-O 9. Nc3 Bg4 10. Ne2 Qd7 11. c3 d5 12. Ng3 Rad8 13. h3 dxe4 14. dxe4 Qxd1 15.
Bxd1 Be6 16. Bc2 Nd7 17. Be3 Bc5 18. Rfe1 f6 19. Nf5 Kf7 20. Rad1 Bxe3 21. Nxe3
Nb6 22. Nd2 Na5 23. b4 Nac4 24. Ndxc4 Nxc4 25. Nxc4 1/2-1/2

[Event "Tatry Open 2014"]
[Site "Tatranske Zruby SVK"]
[Date "2014.10.03"]
[Round "7.24"]
[White "Jossien, R."]
[Black "Plasil, Petr"]
[Result "1-0"]
[WhiteElo "2262"]
[BlackElo "2015"]
[PlyCount "125"]
[EventDate "2014.09.28"]

1. d4 Nf6 2. Nc3 d5 3. Bg5 Nbd7 4. Qd3 g6 5. O-O-O Bg7 6. f3 c6 7. e4 dxe4 8.
fxe4 O-O 9. Nf3 b5 10. e5 Nd5 11. Nxd5 cxd5 12. Qxb5 Nb6 13. Qb4 Re8 14. h4 Bf5
15. Bd3 Bxd3 16. Rxd3 Nc4 17. Qe1 f6 18. Bf4 Qb6 19. Rb3 Qa6 20. Kb1 Qe6 21.
Nd2 Nb6 22. exf6 exf6 23. Re3 Qd7 24. Rhh3 Kf8 25. Qe2 Rac8 26. Rxe8+ Rxe8 27.
Re3 Rxe3 28. Bxe3 Qe6 29. Qf2 Qg4 30. Nf3 Qc8 31. Bc1 Nc4 32. Ne5 Kg8 33. Nxc4
dxc4 34. c3 Qe6 35. Qf3 Qe1 36. Qe3 Qxh4 37. Qe6+ Kf8 38. d5 f5 39. Qc8+ Kf7
40. Qe6+ Kf8 41. Qc8+ Kf7 42. Qe6+ Kf8 43. a4 Qe4+ 44. Qxe4 fxe4 45. Kc2 Ke7
46. b3 cxb3+ 47. Kxb3 Kd6 48. Kc4 Be5 49. Be3 a6 50. Bc5+ Kd7 51. Be3 Kc7 52.
Kb4 h5 53. c4 Bf6 54. Bf4+ Kb7 55. c5 g5 56. c6+ Kc8 57. Be3 h4 58. Kc5 g4 59.
d6 h3 60. gxh3 gxh3 61. d7+ Kd8 62. Kd6 Be7+ 63. Ke6 1-0

[Event "Tatry Open 2014"]
[Site "Tatranske Zruby SVK"]
[Date "2014.10.03"]
[Round "7.25"]
[White "Mosny, J."]
[Black "Szotkowski, J."]
[Result "0-1"]
[WhiteElo "1998"]
[BlackElo "2262"]
[PlyCount "76"]
[EventDate "2014.09.28"]

1. d4 Nf6 2. Nf3 c5 3. e3 e6 4. Bd3 d5 5. b3 Nc6 6. O-O Bd6 7. Bb2 O-O 8. c4 b6
9. Nbd2 Bb7 10. Rc1 Qe7 11. Ne5 Nd7 12. f4 f5 13. Ndf3 Bxe5 14. dxe5 Nb4 15.
Bb1 Rfd8 16. a3 Na6 17. Qe2 Nc7 18. Bc3 a6 19. h3 b5 20. Ba5 Rdc8 21. Kh2 bxc4
22. bxc4 dxc4 23. Rg1 Nb5 24. a4 Na3 25. Ba2 Bd5 26. g4 Nb8 27. gxf5 exf5 28.
e6 g6 29. Ne5 Qxe6 30. Qh5 Rc6 31. Bc3 Rb6 32. Rg5 Nd7 33. Kg1 Nxe5 34. Bxe5
Qe8 35. Qh6 Ra7 36. h4 Bf3 37. Rxf5 Be4 38. Rg5 Qxa4 0-1

[Event "Tatry Open 2014"]
[Site "Tatranske Zruby SVK"]
[Date "2014.10.03"]
[Round "7.26"]
[White "Tyda, K."]
[Black "Pribyl, Jo"]
[Result "0-1"]
[WhiteElo "1971"]
[BlackElo "2244"]
[PlyCount "74"]
[EventDate "2014.09.28"]

1. d4 Nf6 2. c4 g6 3. Nc3 d5 4. cxd5 Nxd5 5. e4 Nxc3 6. bxc3 Bg7 7. Be3 O-O 8.
Rc1 b6 9. Nf3 Bb7 10. Bd3 Nd7 11. O-O e5 12. Qd2 Qe7 13. Bh6 Rfe8 14. Bxg7 Kxg7
15. Rfe1 Rad8 16. Qg5 Qxg5 17. Nxg5 Re7 18. f3 Nc5 19. Bc4 exd4 20. cxd4 Rxd4
21. Red1 Rxd1+ 22. Rxd1 Bc8 23. Kf2 h6 24. Nh3 Be6 25. Bxe6 Nxe6 26. g4 c5 27.
Ke3 b5 28. Nf2 c4 29. h4 b4 30. f4 c3 31. e5 Nc5 32. Rb1 a5 33. Kd4 Rc7 34. Ne4
Nxe4 35. Kxe4 a4 36. f5 c2 37. Rf1 c1=Q 0-1

[Event "Tatry Open 2014"]
[Site "Tatranske Zruby SVK"]
[Date "2014.10.03"]
[Round "7.27"]
[White "Skreno, V."]
[Black "Jiruse, J."]
[Result "1-0"]
[WhiteElo "2244"]
[BlackElo "2014"]
[PlyCount "31"]
[EventDate "2014.09.28"]

1. d4 Nf6 2. Nf3 d5 3. c4 c6 4. cxd5 cxd5 5. Nc3 e6 6. Bg5 Be7 7. e3 O-O 8. Bd3
Nc6 9. O-O a6 10. Rc1 Bd7 11. Na4 Nb4 12. Bb1 Bxa4 13. Qxa4 Nc6 14. Ne5 Nxe5
15. dxe5 Nd7 16. Qh4 1-0

[Event "Tatry Open 2014"]
[Site "Tatranske Zruby SVK"]
[Date "2014.10.03"]
[Round "7.28"]
[White "Endresz, Pavol"]
[Black "Sejkora, V."]
[Result "0-1"]
[WhiteElo "1960"]
[BlackElo "2243"]
[PlyCount "72"]
[EventDate "2014.09.28"]

1. d4 g6 2. c4 Bg7 3. Nc3 Nf6 4. e4 d6 5. Be2 O-O 6. Nf3 Nbd7 7. O-O e5 8. Re1
c6 9. Bf1 exd4 10. Nxd4 Re8 11. Bg5 a5 12. Qd2 Nc5 13. Rad1 a4 14. f3 Qa5 15.
Bf4 Be6 16. Bxd6 Red8 17. e5 Ne8 18. Nxe6 Nxe6 19. Qe3 Nxd6 20. exd6 a3 21. b4
Qxb4 22. Ne4 Qb2 23. Kh1 Rd7 24. Re2 Qe5 25. c5 Ra5 26. Rc1 Qd4 27. Qxd4 Bxd4
28. Rec2 Kg7 29. g4 Be3 30. g5 Nxg5 31. Nxg5 Bxg5 32. Re1 Kf8 33. Bh3 f5 34.
Kg1 Bf6 35. Kf1 Bd4 36. Rec1 Be3 0-1

[Event "Tatry Open 2014"]
[Site "Tatranske Zruby SVK"]
[Date "2014.10.03"]
[Round "7.29"]
[White "Belunek, V."]
[Black "Paur, D."]
[Result "1-0"]
[WhiteElo "2226"]
[BlackElo "1982"]
[PlyCount "97"]
[EventDate "2014.09.28"]

1. Nf3 d5 2. g3 Nf6 3. Bg2 g6 4. c4 c6 5. b3 Bg7 6. Bb2 O-O 7. O-O Nbd7 8. d3
Re8 9. cxd5 cxd5 10. Nc3 e5 11. Rc1 a6 12. Rc2 Nb6 13. e4 Bg4 14. h3 Bd7 15.
Qe2 d4 16. Nb1 Rc8 17. Na3 Qe7 18. Ne1 Rxc2 19. Nexc2 Nh5 20. Kh2 Qd6 21. Bc1
Bf8 22. Bd2 Ng7 23. f4 f6 24. Qf2 Be6 25. g4 Be7 26. f5 gxf5 27. gxf5 Bf7 28.
Rg1 Kh8 29. Kh1 Rg8 30. Bf3 Nh5 31. Nc4 Nxc4 32. bxc4 Rxg1+ 33. Qxg1 b5 34.
cxb5 axb5 35. Nb4 Nf4 36. Qc1 Nxh3 37. Kh2 Ng5 38. Bd1 Qd8 39. Nc6 Qf8 40. Nxe7
Qxe7 41. Qc8+ Qe8 42. Qa6 Kg7 43. Bxg5 fxg5 44. f6+ Kg6 45. Bg4 h5 46. Bf5+ Kh6
47. Qd6 g4 48. a3 Kg5 49. Bd7 1-0

[Event "Tatry Open 2014"]
[Site "Tatranske Zruby SVK"]
[Date "2014.10.03"]
[Round "7.30"]
[White "Halas, Mi"]
[Black "Michalicka, M."]
[Result "0-1"]
[WhiteElo "1956"]
[BlackElo "2225"]
[PlyCount "74"]
[EventDate "2014.09.28"]

1. e4 c5 2. Nf3 Nc6 3. d4 cxd4 4. Nxd4 Nf6 5. Nc3 g6 6. Be3 Bg7 7. Nxc6 bxc6 8.
e5 Nd5 9. Nxd5 cxd5 10. Qxd5 Rb8 11. Bc4 O-O 12. O-O-O Qc7 13. f4 d6 14. Bb3
dxe5 15. fxe5 Bxe5 16. Qc5 Qxc5 17. Bxc5 Rb7 18. g3 Be6 19. Rhe1 Bf6 20. Rd3
Rc8 21. Rxe6 Rxc5 22. Rd8+ Kg7 23. Ra6 Rf5 24. c4 Rf2 25. Rxf6 Kxf6 26. Rd2
Rxd2 27. Kxd2 Ke5 28. Ke3 f5 29. h4 h6 30. c5 Rc7 31. Bf7 Kf6 32. Bc4 Rxc5 33.
Kd4 Rc7 34. b4 g5 35. Bd5 e5+ 36. Kd3 e4+ 37. Kd4 Rd7 0-1

[Event "Tatry Open 2014"]
[Site "Tatranske Zruby SVK"]
[Date "2014.10.03"]
[Round "7.31"]
[White "Olvecky, Jaroslav"]
[Black "Burnett, A."]
[Result "0-1"]
[WhiteElo "1948"]
[BlackElo "2222"]
[PlyCount "66"]
[EventDate "2014.09.28"]

1. d4 c5 2. d5 e5 3. e4 d6 4. Bb5+ Nd7 5. a4 g6 6. Nc3 Bg7 7. f4 a6 8. Be2 exf4
9. Bxf4 Ne5 10. Nf3 Nxf3+ 11. Bxf3 Bd4 12. Rb1 g5 13. Bg3 h5 14. Qd2 h4 15. Bf2
Be5 16. Be3 g4 17. Be2 Qf6 18. Bg5 Qg7 19. Bf4 Ne7 20. Bxe5 Qxe5 21. O-O Ng6
22. Rbe1 Bd7 23. b3 Qd4+ 24. Qxd4 cxd4 25. Nb1 b5 26. axb5 axb5 27. Rd1 Ra2 28.
Rxd4 Rxc2 29. Bd1 Rb2 30. Nc3 h3 31. gxh3 Rxh3 32. Ne2 Ne5 33. Nf4 Rhxh2 0-1

[Event "Tatry Open 2014"]
[Site "Tatranske Zruby SVK"]
[Date "2014.10.03"]
[Round "7.33"]
[White "Kebis, M."]
[Black "Ramik, Z."]
[Result "0-1"]
[WhiteElo "1942"]
[BlackElo "2216"]
[PlyCount "120"]
[EventDate "2014.09.28"]

1. Nf3 Nf6 2. c4 c5 3. d4 cxd4 4. Nxd4 Nc6 5. Nc3 g6 6. e4 d6 7. Be2 Bg7 8. Be3
O-O 9. O-O Bd7 10. Rc1 Qa5 11. Nb3 Qc7 12. c5 Be6 13. Nd5 Qd7 14. f3 Ne8 15.
Qd2 f5 16. Bb5 fxe4 17. fxe4 Rxf1+ 18. Rxf1 Nf6 19. cxd6 Nxe4 20. Qd3 Qxd6 21.
Nxe7+ Nxe7 22. Qxe4 Qd5 23. Qxd5 Bxd5 24. Bd4 Rc8 25. Bxg7 Kxg7 26. Nd4 Nc6 27.
Rc1 Kf6 28. Bxc6 bxc6 29. Nb5 Rb8 30. Rf1+ Ke7 31. Nc3 Rxb2 32. Rf2 Rb7 33. g3
Kd6 34. Rc2 Ke5 35. Rd2 Rf7 36. Ne2 Rf3 37. Rb2 Ra3 38. Nc1 c5 39. Kf2 h5 40.
Ke2 Bc4+ 41. Kd2 Kd4 42. Kc2 Rf3 43. Kb1 Bd3+ 44. Nxd3 Kxd3 45. Rb3+ Ke4 46.
Rb7 Kd4 47. Rxa7 Rf1+ 48. Kc2 Rf2+ 49. Kb3 c4+ 50. Kb4 Rb2+ 51. Ka3 Rxh2 52.
Rg7 Kc3 53. Rxg6 Rf2 54. Rg5 Rf8 55. Ka4 Ra8+ 56. Kb5 Rxa2 57. Rxh5 Kb3 58. g4
c3 59. Rh3 Rg2 60. Rxc3+ Kxc3 0-1